Sociolinguistic Research (Record no. 12088)
[ view plain ]
| 000 -LEADER | |
|---|---|
| fixed length control field | 00453nam a22001457a 4500 |
| 003 - CONTROL NUMBER IDENTIFIER | |
| control field | URS |
| 005 - DATE AND TIME OF LATEST TRANSACTION | |
| control field | 20220114162359.0 |
| 008 - FIXED-LENGTH DATA ELEMENTS--GENERAL INFORMATION | |
| fixed length control field | 190923b ||||| |||| 00| 0 eng d |
| 020 ## - INTERNATIONAL STANDARD BOOK NUMBER | |
| International Standard Book Number | 9780415748520 (paperback) |
| 040 ## - CATALOGING SOURCE | |
| Original cataloging agency | DLC DCAL rda |
| Language of cataloging | eng |
| Transcribing agency | DMLUC |
| Modifying agency | URS |
| 100 ## - MAIN ENTRY--PERSONAL NAME | |
| Personal name | Reyes, Ericson M., |
| Relator term | author. |
| 245 ## - TITLE STATEMENT | |
| Title | Sociolinguistic Research |
| Remainder of title | Application and Impact |
| Statement of responsibility, etc. | Robert Lawson and Dave Sayers |
| 300 ## - PHYSICAL DESCRIPTION | |
| Extent | 262 pages |
| Other physical details | illustrations |
| Dimensions | 25 cm |
| 942 ## - ADDED ENTRY ELEMENTS (KOHA) | |
| Source of classification or shelving scheme | Library of Congress Classification |
| Koha item type | Books |
| Withdrawn status | Source of classification or shelving scheme | Damaged status | Not for loan | Home library | Current library | Shelving location | Date acquired | Source of acquisition | Total Checkouts | Full call number | Barcode | Date last seen | Price effective from | Koha item type | Collection code |
|---|---|---|---|---|---|---|---|---|---|---|---|---|---|---|---|
| Dewey Decimal Classification | Angono College Library | Angono College Library | On Display | 09/23/2019 | Purchased | P 40.3 S63 2016 | URSANG-0023 | 09/23/2019 | 09/23/2019 | Books | |||||
| Library of Congress Classification | Morong Graduate Library | Morong Graduate Library | 03/20/2025 | P40 .S63 2016 | URSMOR-GL-5681 | 03/20/2025 | 03/20/2025 | Reserved Books | Non-fiction |